| 000 | 00482nam a22001697a 4500 | ||
|---|---|---|---|
| 999 |
_c41274 _d41274 |
||
| 003 | OSt | ||
| 005 | 20210412143847.0 | ||
| 008 | 210412b ||||| |||| 00| 0 eng d | ||
| 020 | _a9788182716636 | ||
| 040 | _coclc | ||
| 082 |
_a297 _bMOU/I |
||
| 100 |
_92077 _aMoududi, Abul A'ala |
||
| 245 |
_aIslamika Samskaram/ _cAbul Ala Moududi |
||
| 260 |
_aKozhikode: _bIslamic Publishing House |
||
| 300 | _a223 pages | ||
| 942 |
_2ddc _cBK _h297 _iMOU/I _k297 _mMOU/I |
||